00748nam a22002057a 450000500170000001000150001702000120003203500140004403700130005808200120007110000200008324500830010326000390018627000800022530000280030550000380033394200260037199900190039795201260041620180503110413.0 aENG-122711 c1450.00 aEN-106243 bDBAD/PUB a616.042 aReddy, V. Rami  aCurrent trends in human genetics and physical anthropology /cby V. Rami Reddy aTirupatibDr (Mrs) V. Indirac2012 a#8-30, (Opp.) Vidyanagar, Svunt Colony, bTirupati (Amdhra Pradesh)e517502 a307p. c25cm(pbk)bill. aIt include bibliography and index 2ddccENmREDh616.042 c151548d151548 001040718NFICaDBADbBNd2018-04-19eDBAD/PUBg1450.00l0o616.042 REDpEN-106243r2018-04-19 00:00:00t1v1450.00yEN